000 00586nam a2200181Ia 4500
008 100920s9999 xx 000 0 und d
082 _b105744
_a--- न 09
100 _aबोराडे रा.रं.
245 _aरिक्त अतिरिक्त.
260 _bसाकेत,औरंगाबाद.
_c2009
300 _a160
_bसाधी
365 _b150
520 _aकादंबरी.
630 _aरिक्त अतिरिक्त.
650 _aकादंबरी.
730 _aरिक्त अतिरिक्त.
942 _cBOOK
999 _c746175
_d746172